Muscles of the Hand - Statistics

General Stats
  • This quiz has been taken 23 times
  • The average score is 7 of 10
Answer Stats
Picture Answer % Correct
Palmar Interossei
86%
Abductor Digiti Minimi
79%
Dorsal Interossei
79%
Abductor Pollicis Brevis
71%
Flexor Digiti Minimi Brevis
71%
Opponens Pollicis
71%
Adductor Pollicis
64%
Flexor Pollicis Brevis
64%
Opponens Digiti Minimi
64%
Lumbricals
57%
No matching quizzes found
Score Distribution
Percent of People with Each Score
Percentile by Number Answered
Your Score History
You have not taken this quiz